<?xml version="1.0" encoding="UTF-8"?>
<record
    xmlns:xsi="http://www.w3.org/2001/XMLSchema-instance"
    xsi:schemaLocation="http://www.loc.gov/MARC21/slim http://www.loc.gov/standards/marcxml/schema/MARC21slim.xsd"
    xmlns="http://www.loc.gov/MARC21/slim">

  <leader>00902nam a22001457a 4500</leader>
  <datafield tag="999" ind1=" " ind2=" ">
    <subfield code="c">525932</subfield>
    <subfield code="d">525932</subfield>
  </datafield>
  <controlfield tag="008">240425b           ||||| |||| 00| 0 eng d</controlfield>
  <datafield tag="100" ind1=" " ind2=" ">
    <subfield code="a">Misra, Salil </subfield>
    <subfield code="9">51879</subfield>
  </datafield>
  <datafield tag="245" ind1=" " ind2=" ">
    <subfield code="a">Hindi in the Nineteenth century: Literary and political trajectories </subfield>
  </datafield>
  <datafield tag="260" ind1=" " ind2=" ">
    <subfield code="a">Social Scientist  </subfield>
  </datafield>
  <datafield tag="300" ind1=" " ind2=" ">
    <subfield code="a">52(1-2), Jan-Feb, 2024: p.3-22  </subfield>
  </datafield>
  <datafield tag="520" ind1=" " ind2=" ">
    <subfield code="a">Bipan Chandra gave his first, Presidential address &#x2018;Colonialism and moderniatio, for the modern Indian section of the Indian history congress in 1970, in which he argued that, country to conventional wisdom, the periods when the links between British colonialism and India economy were weakened or disrupted (such as during the two world wars and the depression) were also the periods when a major sport in India&#x2019;s industrial development took place (Chandra 1979-138). &#x2013; Reproduced </subfield>
  </datafield>
  <datafield tag="773" ind1=" " ind2=" ">
    <subfield code="a">Social Scientist  </subfield>
  </datafield>
  <datafield tag="906" ind1=" " ind2=" ">
    <subfield code="a">LANGUAGES</subfield>
  </datafield>
  <datafield tag="942" ind1=" " ind2=" ">
    <subfield code="c">AR</subfield>
  </datafield>
  <datafield tag="952" ind1=" " ind2=" ">
    <subfield code="0">0</subfield>
    <subfield code="1">0</subfield>
    <subfield code="2">ddc</subfield>
    <subfield code="4">0</subfield>
    <subfield code="7">0</subfield>
    <subfield code="9">400986</subfield>
    <subfield code="a">IIPA</subfield>
    <subfield code="b">IIPA</subfield>
    <subfield code="d">2024-04-25</subfield>
    <subfield code="h">52(1-2), Jan-Feb, 2024: p.3-22  </subfield>
    <subfield code="p">AR131724</subfield>
    <subfield code="r">2024-04-25</subfield>
    <subfield code="y">AR</subfield>
  </datafield>
</record>
